00722nam a22002297a 4500003000700000005001700007008004100024040003300065041000800098050002200106100002100128245010300149260003400252300003400286336002800320337003000348338002700378504002400405650002200429650001800451650002300469CBULib20240118072857.0240115b |||||||| |||| 00| 0 eng d aCBULibbEnglishcCBULiberda aeng aCBU-PG THESIS/MWE aMweshi, Lesho Dr aDetermination of risk factors of preterm prelabour rupture of membranes at Ndola Teaching Hospital bCopperbelt University,c2021. avii, 79 pages : illustrations 2rdacontentaText |btxt 2rdamediaaUnmediated |bn 2rdacarrieraVolumebnc aIncludes references 0aPRETERM PRELABOUR 0aPRETERM BIRTH 0aHIGH VAGINAL SWABS